[Event "Kuwait IEFS op 1st"]
[Site "Kuwait"]
[Date "2018.10.27"]
[Round "8"]
[White "Caysidon, Arpon Philip"]
[Black "Aldeeb, Ahmed"]
[Result "1-0"]
[WhiteElo "1939"]
[BlackElo "1879"]
[PlyCount "93"]
[EventDate "2018.10.19"]
[EventType "swiss"]
[EventRounds "8"]
[EventCountry "KUW"]
[SourceTitle "CBM 187 Extra"]
[Source "ChessBase"]
[SourceDate "2018.11.04"]
[SourceVersion "1"]
[SourceVersionDate "2018.11.04"]
[SourceQuality "1"]

1. d4 Nf6 2. c3 d5 3. Bf4 e6 4. e3 c5 5. Nd2 Nc6 6. Ngf3 h6 7. h3 Be7 8. Be2 0-0 9. 0-0 b6 10. a3 Bb7 11. Ne5 Nxe5 12. Bxe5 Qc8 13. Bf3 Qd7 14. Re1 Rac8 15. Be2 Rfd8 16. Bd3 Ne8 17. Qg4 f5 18. Qe2 Bd6 19. Nf3 Qf7 20. Bxd6 Nxd6 21. Ne5 Qc7 22. f4 c4 23. Bc2 Nf7 24. Nf3 Bc6 25. Kh1 Nd6 26. Ne5 Be8 27. Rg1 Qe7 28. Kh2 Rc7 29. g3 Qf6 30. Rg2 Nf7 31. Nf3 Rdd7 32. Rag1 Nd6 33. Ne5 Re7 34. g4 fxg4 35. Nxg4 Qh4 36. Qf2 Qxf2 37. Rxf2 Kf8 38. Ne5 Nf5 39. e4 Nd6 40. exd5 exd5 41. f5 Bh5 42. f6 gxf6 43. Rxf6+ Nf7 44. Bh7 Rxe5 45. dxe5 Ke7 46. Rg7 Rc8 47. Rxh6 1-0